<?xml version="1.0" encoding="UTF-8"?>
<record
    xmlns:xsi="http://www.w3.org/2001/XMLSchema-instance"
    xsi:schemaLocation="http://www.loc.gov/MARC21/slim http://www.loc.gov/standards/marcxml/schema/MARC21slim.xsd"
    xmlns="http://www.loc.gov/MARC21/slim">

  <leader>01413cam a22003498i 4500</leader>
  <controlfield tag="001">17549971</controlfield>
  <controlfield tag="003">OSt</controlfield>
  <controlfield tag="005">20150408114217.0</controlfield>
  <controlfield tag="008">121205s2013    enka   g      001 0 eng  </controlfield>
  <datafield tag="020" ind1=" " ind2=" ">
    <subfield code="a">9780415694421 (hardback)</subfield>
  </datafield>
  <datafield tag="020" ind1=" " ind2=" ">
    <subfield code="a">9780415694438 (pbk.)</subfield>
  </datafield>
  <datafield tag="020" ind1=" " ind2=" ">
    <subfield code="a">9780203512913 (ebook)</subfield>
  </datafield>
  <datafield tag="040" ind1=" " ind2=" ">
    <subfield code="a">Ma-Un</subfield>
  </datafield>
  <datafield tag="043" ind1=" " ind2=" ">
    <subfield code="a">e-uk---</subfield>
  </datafield>
  <datafield tag="082" ind1="0" ind2="0">
    <subfield code="2">22</subfield>
    <subfield code="a">427.94109051</subfield>
    <subfield code="b">ANT</subfield>
  </datafield>
  <datafield tag="245" ind1="0" ind2="0">
    <subfield code="a">Analysing twenty-first Century British English :</subfield>
    <subfield code="b">Conceptual and methodological aspects of the Voices project /</subfield>
    <subfield code="c">Edited by Clive Upton, Bethan L. Davies.</subfield>
  </datafield>
  <datafield tag="250" ind1=" " ind2=" ">
    <subfield code="a">1st. ed.</subfield>
  </datafield>
  <datafield tag="260" ind1=" " ind2=" ">
    <subfield code="a">London ;</subfield>
    <subfield code="a">New York :</subfield>
    <subfield code="b">Routledge,</subfield>
    <subfield code="c">2013</subfield>
  </datafield>
  <datafield tag="300" ind1=" " ind2=" ">
    <subfield code="a">xi, 225 p. :</subfield>
    <subfield code="b">ill. ;</subfield>
    <subfield code="c">24 cm.</subfield>
  </datafield>
  <datafield tag="610" ind1=" " ind2=" ">
    <subfield code="a">British Broadcasting Corporation</subfield>
    <subfield code="x">History</subfield>
    <subfield code="y">21st century</subfield>
    <subfield code="9">44930</subfield>
  </datafield>
  <datafield tag="650" ind1=" " ind2=" ">
    <subfield code="a">English language</subfield>
    <subfield code="x">Dialects</subfield>
    <subfield code="z">Great Britain</subfield>
    <subfield code="9">44931</subfield>
  </datafield>
  <datafield tag="650" ind1=" " ind2=" ">
    <subfield code="a">English language</subfield>
    <subfield code="x">Variation</subfield>
    <subfield code="z">Great Britain</subfield>
    <subfield code="9">44932</subfield>
  </datafield>
  <datafield tag="650" ind1=" " ind2=" ">
    <subfield code="a">English language</subfield>
    <subfield code="x">Great Britain</subfield>
    <subfield code="x">Discourse analysis</subfield>
    <subfield code="9">44933</subfield>
  </datafield>
  <datafield tag="650" ind1=" " ind2=" ">
    <subfield code="a">English language</subfield>
    <subfield code="z">Great Britain</subfield>
    <subfield code="x">Phonology</subfield>
    <subfield code="9">44934</subfield>
  </datafield>
  <datafield tag="650" ind1=" " ind2=" ">
    <subfield code="a">English language</subfield>
    <subfield code="x">Social aspects</subfield>
    <subfield code="z">Great Britain</subfield>
    <subfield code="9">44747</subfield>
  </datafield>
  <datafield tag="650" ind1=" " ind2=" ">
    <subfield code="a">English language</subfield>
    <subfield code="x">Syntax.</subfield>
    <subfield code="9">44935</subfield>
  </datafield>
  <datafield tag="651" ind1=" " ind2="0">
    <subfield code="a">Great Britain</subfield>
    <subfield code="x">Languages</subfield>
    <subfield code="9">44936</subfield>
  </datafield>
  <datafield tag="700" ind1="1" ind2=" ">
    <subfield code="a">Upton, Clive,</subfield>
    <subfield code="d">1946-</subfield>
    <subfield code="9">44937</subfield>
  </datafield>
  <datafield tag="700" ind1="1" ind2=" ">
    <subfield code="a">Davies, Bethan L.,</subfield>
    <subfield code="9">44938</subfield>
  </datafield>
  <datafield tag="942" ind1=" " ind2=" ">
    <subfield code="2">ddc</subfield>
    <subfield code="c">BOOK</subfield>
  </datafield>
  <datafield tag="999" ind1=" " ind2=" ">
    <subfield code="c">34999</subfield>
    <subfield code="d">269499</subfield>
  </datafield>
  <datafield tag="952" ind1=" " ind2=" ">
    <subfield code="1">0</subfield>
    <subfield code="2">2014-05-13</subfield>
    <subfield code="4">0</subfield>
    <subfield code="7">1</subfield>
    <subfield code="a">427.94109051 ANT</subfield>
    <subfield code="c">1</subfield>
    <subfield code="d">2014-05-13</subfield>
    <subfield code="e">&#x62F;&#x627;&#x631; &#x627;&#x644;&#x639;&#x631;&#x628;</subfield>
    <subfield code="h">SRM</subfield>
    <subfield code="i">00210873</subfield>
    <subfield code="m">SRM</subfield>
    <subfield code="r">2014-05-13 00:00:00</subfield>
    <subfield code="t">BOOK</subfield>
    <subfield code="w">ddc</subfield>
    <subfield code="y">0</subfield>
  </datafield>
  <datafield tag="952" ind1=" " ind2=" ">
    <subfield code="1">0</subfield>
    <subfield code="2">2014-05-13</subfield>
    <subfield code="4">0</subfield>
    <subfield code="7">0</subfield>
    <subfield code="a">427.94109051 ANT</subfield>
    <subfield code="c">2</subfield>
    <subfield code="d">2014-05-13</subfield>
    <subfield code="e">&#x62F;&#x627;&#x631; &#x627;&#x644;&#x639;&#x631;&#x628;</subfield>
    <subfield code="h">SRM</subfield>
    <subfield code="i">00210874</subfield>
    <subfield code="m">SRM</subfield>
    <subfield code="r">2014-05-13 00:00:00</subfield>
    <subfield code="t">BOOK</subfield>
    <subfield code="w">ddc</subfield>
    <subfield code="y">0</subfield>
  </datafield>
  <datafield tag="952" ind1=" " ind2=" ">
    <subfield code="1">0</subfield>
    <subfield code="2">2014-05-13</subfield>
    <subfield code="4">0</subfield>
    <subfield code="7">1</subfield>
    <subfield code="a">427.94109051 ANT</subfield>
    <subfield code="c">1</subfield>
    <subfield code="d">2014-05-13</subfield>
    <subfield code="e">&#x62F;&#x627;&#x631; &#x627;&#x644;&#x639;&#x631;&#x628;</subfield>
    <subfield code="h">SRF</subfield>
    <subfield code="i">00210876</subfield>
    <subfield code="m">SRF</subfield>
    <subfield code="r">2014-05-13 00:00:00</subfield>
    <subfield code="t">BOOK</subfield>
    <subfield code="w">ddc</subfield>
    <subfield code="y">0</subfield>
  </datafield>
  <datafield tag="952" ind1=" " ind2=" ">
    <subfield code="1">0</subfield>
    <subfield code="2">2014-05-13</subfield>
    <subfield code="4">0</subfield>
    <subfield code="7">0</subfield>
    <subfield code="a">427.94109051 ANT</subfield>
    <subfield code="c">2</subfield>
    <subfield code="d">2014-05-13</subfield>
    <subfield code="e">&#x62F;&#x627;&#x631; &#x627;&#x644;&#x639;&#x631;&#x628;</subfield>
    <subfield code="h">SRF</subfield>
    <subfield code="i">00210875</subfield>
    <subfield code="m">SRF</subfield>
    <subfield code="q">2016-01-26</subfield>
    <subfield code="r">2016-05-24 00:00:00</subfield>
    <subfield code="t">BOOK</subfield>
    <subfield code="w">ddc</subfield>
    <subfield code="y">1</subfield>
  </datafield>
</record>
